Word Ladder: Hong Kong Quiz Stats

 Plays Quiz Updated Feb 13, 2018

Challenge
Share
Tweet
Embed
Score 0/40 Timer 04:00
4 Plays Today
Clue 4-Letter Word % Correct
____ Zuckerberg, founder of FacebookMARK
93.7%
It's worse than one's biteBARK
91.4%
___ [last rung], the subject of this quizHONG
90.5%
What you do with gumCHEW
90.3%
[first rung] ____, the subject of this quizKONG
88.4%
Became tallerGREW
86.6%
Stand in lineWAIT
86.4%
Misbehaved childBRAT
85.4%
Informal conversationCHAT
84.8%
All hands on deckCREW
84.6%
It's on the hookBAIT
84.4%
HSBC is one that started up in Hong Kong in 1865BANK
84.3%
A junk is one often seen in Hong Kong's harborBOAT
84.3%
Layer of paintCOAT
84.1%
ChoosePICK
83.5%
'____, and ye shall find'SEEK
82.9%
Eat like a birdPECK
82.6%
Soup ingredient with potatoLEEK
81.2%
Small metric weightGRAM
81.2%
Gandalf the ____GREY
80.8%
Clue 4-Letter Word % Correct
Color of the seats on Hong Kong's metro trainsGRAY
80.4%
A colonizer of Hong Kong between 1841 and 1997BRIT
80.3%
Old-school form of transport in Hong KongTRAM
77.4%
Snowden fled to Hong Kong after his NSA ____LEAK
77.2%
Queen ____ Hospital, second-largest in Hong KongMARY
76.7%
Kind of hogWART
75.8%
Hong Kong's Mount Austin, a.k.a. Victoria ____PEAK
75.7%
In Hong Kong, you'd hear one in CantoneseSONG
75.6%
Sent to the bottomSANK
75.4%
CautiousWARY
74%
May precede 'quil' or 'sect'TRAN-
73.2%
Comparative wordTHAN
72.3%
Bangkok residentTHAI
72.2%
Auditioned for 'The Voice' (Hong Kong)SANG
70.2%
Wan ____, a metropolitan area in Hong KongCHAI
69.4%
Chinese nationalist leader, Chiang Kai-___SHEK
69.3%
____ Lap Kok, home of Hong Kong's airportCHEK
68.3%
With the previous rung, a big sport in Hong KongPONG
60.4%
With the next rung, a big sport in Hong KongPING
60.2%
Type of endangered dolphin in Hong KongPINK
60.1%

Today's Daily Dose

Word Ladder
King of the...

Quick Pick
The Doors Songs

On This Day
August 17th II

You're not logged in!

Compare scores with friends on all Sporcle quizzes.
Join for Free
OR
Log In

You Might Also Like...

Show Comments

Extras

Top Quizzes Today


Score Distribution

Your Account Isn't Verified!

In order to create a playlist on Sporcle, you need to verify the email address you used during registration. Go to your Sporcle Settings to finish the process.

Report this User

Report this user for behavior that violates our Community Guidelines.

Details: